000 00335nam a22001457a 4500
008 230125b ||||| |||| 00| 0 eng d
020 _a0891302530
041 _aeng
080 _2VOLUME110
_a101
082 _a101GER
100 _a42
101 _aFILO
245 _aAMERICAN PHILOLOGICAL ASSOCIATION
_cGERBER E D
942 _2udc
_cBK
999 _c59278
_d59278